[Event "Tradewise Gibraltar Masters 16th"]
[Site "Gibraltar"]
[Date "2018.01.27"]
[Round "5.117"]
[White "Pein, Jonathan"]
[Black "Redondo Flores, David"]
[Result "1-0"]
[WhiteElo "2153"]
[BlackElo "2000"]
[PlyCount "83"]
[EventDate "2018.01.23"]
[EventType "swiss"]
[EventRounds "10"]
[EventCountry "GGB"]
[SourceTitle "BritBase"]
[Source "www.saund.co.uk"]
[SourceDate "2018.02.10"]
[SourceVersion "1"]
[SourceVersionDate "2018.02.10"]
[SourceQuality "1"]

1. b3 d6 2. Bb2 e5 3. e3 g6 4. d4 Bg7 5. dxe5 Nd7 6. Nf3 dxe5 7. Bb5 c6 8. Be2
Nh6 9. Nbd2 f5 10. O-O O-O 11. Nc4 Nf7 12. a4 Qc7 13. Ra2 Nb6 14. Qa1 Re8 15.
Nxb6 axb6 16. Bc4 Be6 17. Bxe6 Rxe6 18. c4 g5 19. Bc3 Rh6 20. g3 c5 21. Rd2 g4
22. Ne1 Ng5 23. Rd5 Re8 24. Qd1 Qc6 25. f3 Qe6 26. Rd8 Rg6 27. fxg4 fxg4 28.
Qd5 Nh3+ 29. Kg2 Qxd5+ 30. Rxd5 Rge6 31. Rf5 Rf8 32. Rxf8+ Kxf8 33. Nd3 e4 34.
Bxg7+ Kxg7 35. Nf4 Nxf4+ 36. gxf4 Kf6 37. Kg3 Kf7 38. Kxg4 Rg6+ 39. Kf5 Rh6 40.
Rd7+ Ke8 41. Rxb7 Rxh2 42. Rxb6 1-0

[Event "Tradewise Gibraltar Masters 16th"]
[Site "Gibraltar"]
[Date "2018.01.27"]
[Round "5.118"]
[White "Adewole, Adeyinka"]
[Black "Wilson, Matthew R"]
[Result "1/2-1/2"]
[WhiteElo "2001"]
[BlackElo "1782"]
[PlyCount "182"]
[EventDate "2018.01.23"]
[EventType "swiss"]
[EventRounds "10"]
[EventCountry "GGB"]
[SourceTitle "BritBase"]
[Source "www.saund.co.uk"]
[SourceDate "2018.02.10"]
[SourceVersion "1"]
[SourceVersionDate "2018.02.10"]
[SourceQuality "1"]

1. Nf3 Nf6 2. Nc3 d5 3. d4 e6 4. g3 c5 5. Bg2 Nc6 6. e3 Be7 7. O-O O-O 8. Re1
b6 9. b3 Bb7 10. Bb2 Rc8 11. Ne2 Qc7 12. Rc1 Rfd8 13. a3 Ne4 14. h4 Bf6 15. Nf4
g6 16. c4 dxc4 17. Rxc4 Qe7 18. Nh2 Na5 19. Rc1 Bg7 20. Nd3 cxd4 21. exd4 Nf6
22. Rxc8 Rxc8 23. Bxb7 Qxb7 24. Ne5 Qd5 25. Re3 Nc6 26. Qc2 Ne7 27. Rc3 Rxc3
28. Qxc3 Qd6 29. Qf3 Qd5 30. Qd3 Qe4 31. Qd1 Nf5 32. Nhf3 h6 33. Nd2 Qd5 34.
Ndc4 Nd7 35. Nf3 b5 36. Ne3 Nxe3 37. fxe3 e5 38. Kf2 exd4 39. Bxd4 Nc5 40. Qc2
Bxd4 41. Nxd4 Ne4+ 42. Kg2 Qe5 43. Qc8+ Kg7 44. Qg4 h5 45. Qf4 Qd5 46. Kh2 Nf6
47. Kg1 Ng4 48. Kf1 Qc5 49. a4 bxa4 50. bxa4 Qc1+ 51. Ke2 Qb2+ 52. Ke1 Qa1+ 53.
Ke2 Qb2+ 54. Ke1 Qc1+ 55. Ke2 Qc4+ 56. Kd2 Qd5 57. Kd3 Ne5+ 58. Kd2 Nc6 59. Ke2
Nxd4+ 60. Qxd4+ Qxd4 61. exd4 Kf6 62. Kd3 Ke6 63. Kc4 Kd6 64. Kb5 Kd5 65. Ka6
Kxd4 66. Kxa7 Kc5 67. a5 Kc6 68. Kb8 Kb5 69. Kc7 f5 70. Kd6 g5 71. hxg5 f4 72.
gxf4 h4 73. g6 h3 74. g7 h2 75. g8=Q h1=Q 76. Qg5+ Ka6 77. f5 Qd1+ 78. Ke7 Qe1+
79. Kf8 Qxa5 80. Qf6+ Kb7 81. Qe7+ Kc6 82. f6 Qg5 83. f7 Qh5 84. Ke8 Qh8+ 85.
f8=Q Qh5+ 86. Qef7 Qe5+ 87. Q8e7 Qh8+ 88. Qff8 Qh5+ 89. Qef7 Qe5+ 90. Q7e7 Qh5+
91. Qef7 Qe5+ 1/2-1/2

[Event "Tradewise Gibraltar Masters 16th"]
[Site "Gibraltar"]
[Date "2018.01.27"]
[Round "5.119"]
[White "Obiamiwe, Paul"]
[Black "De Graaf, Dick"]
[Result "1-0"]
[WhiteElo "1891"]
[BlackElo "2152"]
[PlyCount "127"]
[EventDate "2018.01.23"]
[EventType "swiss"]
[EventRounds "10"]
[EventCountry "GGB"]
[SourceTitle "BritBase"]
[Source "www.saund.co.uk"]
[SourceDate "2018.02.10"]
[SourceVersion "1"]
[SourceVersionDate "2018.02.10"]
[SourceQuality "1"]

1. Nf3 Nf6 2. c4 g6 3. Nc3 Bg7 4. e4 d6 5. d4 O-O 6. Be2 Nc6 7. d5 Nb8 8. O-O
Nbd7 9. h3 Nc5 10. Qc2 a5 11. Bf4 e5 12. dxe6 Bxe6 13. Rad1 Qe8 14. Rfe1 Nfd7
15. Nd5 Bxd5 16. exd5 Qe4 17. Qd2 Qe8 18. Bf1 Qd8 19. Nd4 Nb6 20. Bg5 Bf6 21.
Bh6 Bg7 22. Nb5 Qd7 23. b3 Nc8 24. Nd4 Ne7 25. Bxg7 Kxg7 26. Qc3 Kg8 27. g4 c6
28. dxc6 bxc6 29. Bg2 Ne6 30. Qe3 Nxd4 31. Qxe7 Qxe7 32. Rxe7 c5 33. Bxa8 Rxa8
34. Kg2 a4 35. Rd3 axb3 36. axb3 Rb8 37. Ree3 Kf8 38. Kg3 Rb6 39. Kg2 Nc2 40.
Re2 Nd4 41. Ree3 Ne6 42. Kf3 Ke7 43. Ke4 g5 44. Kf5 h6 45. Rxe6+ fxe6+ 46. Kg6
Rb8 47. Kxh6 Rf8 48. Kxg5 Rxf2 49. h4 e5 50. h5 Ke6 51. h6 Rh2 52. Kg6 e4 53.
Rg3 Ke5 54. g5 Kf4 55. Rg1 e3 56. h7 e2 57. Kg7 Rg2 58. Rh1 Rxg5+ 59. Kf7 Rf5+
60. Ke7 Rh5 61. Rxh5 e1=Q+ 62. Kf7 Qb4 63. h8=Q Qb7+ 64. Ke6 1-0

[Event "Tradewise Gibraltar Masters 16th"]
[Site "Gibraltar"]
[Date "2018.01.27"]
[Round "5.120"]
[White "Maloberti, David"]
[Black "Cramling Bellon, Anna"]
[Result "1-0"]
[WhiteElo "2148"]
[BlackElo "1978"]
[PlyCount "117"]
[EventDate "2018.01.23"]
[EventType "swiss"]
[EventRounds "10"]
[EventCountry "GGB"]
[SourceTitle "BritBase"]
[Source "www.saund.co.uk"]
[SourceDate "2018.02.10"]
[SourceVersion "1"]
[SourceVersionDate "2018.02.10"]
[SourceQuality "1"]

1. d4 d5 2. c4 dxc4 3. Nf3 e6 4. Qa4+ c6 5. Qxc4 b5 6. Qc2 Bb7 7. e4 Nf6 8. Bd3
h6 9. O-O Be7 10. Nc3 a6 11. Qe2 Nbd7 12. Re1 c5 13. d5 e5 14. g3 Bd6 15. Nh4
g6 16. Nd1 c4 17. Bc2 Nc5 18. f4 Kf8 19. Nf3 Nfd7 20. Be3 Qc7 21. fxe5 Nxe5 22.
Bd4 Ncd3 23. Rf1 Rh7 24. Nf2 Bc5 25. Bxc5+ Qxc5 26. Nxe5 Nxe5 27. Rad1 Rd8 28.
Kg2 h5 29. Nh3 Kg8 30. Ng5 Rg7 31. h3 Bc8 32. Nf3 Qd6 33. Rf2 Re8 34. Qe3 Qd7
35. Ng5 Qd6 36. Qf4 Bb7 37. Nf3 Bc8 38. Nxe5 Qxe5 39. Qf6 Qxf6 40. Rxf6 g5 41.
d6 Bd7 42. Rd5 h4 43. g4 Rc8 44. Kf2 c3 45. b3 Be6 46. Rd1 Kf8 47. e5 Ke8 48.
Ke3 Rc5 49. Be4 b4 50. Kd4 Ra5 51. Rf2 Kd7 52. Rdf1 Ke8 53. Bc6+ Kd8 54. Rf6
Rg8 55. Rxf7 Bxf7 56. Rxf7 Rb5 57. Bxb5 axb5 58. e6 Rg6 59. Rf8# 1-0

[Event "Tradewise Gibraltar Masters 16th"]
[Site "Gibraltar"]
[Date "2018.01.27"]
[Round "5.121"]
[White "Ranaivoharisoa, Alain"]
[Black "Bozinovic, Boban"]
[Result "1/2-1/2"]
[WhiteElo "2142"]
[BlackElo "1972"]
[PlyCount "83"]
[EventDate "2018.01.23"]
[EventType "swiss"]
[EventRounds "10"]
[EventCountry "GGB"]
[SourceTitle "BritBase"]
[Source "www.saund.co.uk"]
[SourceDate "2018.02.10"]
[SourceVersion "1"]
[SourceVersionDate "2018.02.10"]
[SourceQuality "1"]

1. e4 c5 2. Nf3 d6 3. d4 cxd4 4. Qxd4 a6 5. c4 Nc6 6. Qd2 Nf6 7. Nc3 g6 8. Be2
Bg7 9. O-O O-O 10. Rb1 Bd7 11. Rd1 Qc7 12. b3 Rac8 13. Bb2 Qb8 14. c5 dxc5 15.
e5 Nxe5 16. Nxe5 Qxe5 17. Na4 Qe6 18. Bc4 Qc6 19. Bxf6 Bxf6 20. Qxd7 Qxd7 21.
Rxd7 b5 22. Be2 bxa4 23. Bxa6 axb3 24. axb3 Ra8 25. Bc4 Rfd8 26. Rxd8+ Rxd8 27.
g3 Rd2 28. Re1 e6 29. Kg2 Bd4 30. Re2 Rxe2 31. Bxe2 f5 32. Bc4 Kf7 33. f4 Kf6
34. Kf3 e5 35. fxe5+ Kxe5 36. g4 h6 37. Bf7 g5 38. h3 f4 39. Bc4 Bb2 40. Ba6
Kd5 41. Bc4+ Kd4 42. Bg8 1/2-1/2

[Event "Tradewise Gibraltar Masters 16th"]
[Site "Gibraltar"]
[Date "2018.01.27"]
[Round "5.122"]
[White "Barrenechea Bahamonde, Gustavo"]
[Black "Ansari, Athar"]
[Result "1-0"]
[WhiteElo "2127"]
[BlackElo "1919"]
[PlyCount "85"]
[EventDate "2018.01.23"]
[EventType "swiss"]
[EventRounds "10"]
[EventCountry "GGB"]
[SourceTitle "BritBase"]
[Source "www.saund.co.uk"]
[SourceDate "2018.02.10"]
[SourceVersion "1"]
[SourceVersionDate "2018.02.10"]
[SourceQuality "1"]

1. e4 c5 2. Nf3 a6 3. b4 cxb4 4. d4 d5 5. exd5 Nf6 6. a3 Qxd5 7. axb4 Bg4 8.
Be2 e6 9. c3 Be7 10. O-O O-O 11. h3 Bh5 12. c4 Qd8 13. b5 Nbd7 14. bxa6 bxa6
15. Be3 Bb4 16. Nbd2 Qe7 17. Bf4 Bg6 18. c5 e5 19. Nxe5 Nxe5 20. Bxe5 Bxd2 21.
Qxd2 Ne4 22. Qd3 Rfe8 23. Bf3 f6 24. Bd6 Qd7 25. Qb3+ Bf7 26. Qc2 Bd5 27. Rfb1
a5 28. Rb6 Kh8 29. Bg4 f5 30. Be2 Bc6 31. Be5 Re6 32. f3 Rg6 33. Rxc6 Qxc6 34.
fxe4 fxe4 35. Rb1 Rf8 36. Rb6 Qa8 37. Rxg6 hxg6 38. c6 a4 39. Qxe4 a3 40. Qxg6
Qa7 41. Bc4 Rf6 42. Qh5+ Rh6 43. Qxh6# 1-0

[Event "Tradewise Gibraltar Masters 16th"]
[Site "Gibraltar"]
[Date "2018.01.27"]
[Round "5.123"]
[White "Opasiak, Dustin Tennessee"]
[Black "Veltkamp, Gerben"]
[Result "0-1"]
[WhiteElo "1797"]
[BlackElo "2123"]
[PlyCount "58"]
[EventDate "2018.01.23"]
[EventType "swiss"]
[EventRounds "10"]
[EventCountry "GGB"]
[SourceTitle "BritBase"]
[Source "www.saund.co.uk"]
[SourceDate "2018.02.10"]
[SourceVersion "1"]
[SourceVersionDate "2018.02.10"]
[SourceQuality "1"]

1. e4 e5 2. Nf3 Nc6 3. Bb5 f5 4. d3 Nf6 5. Nc3 fxe4 6. dxe4 Bb4 7. Bg5 Bxc3+ 8.
bxc3 O-O 9. O-O d6 10. Nd2 Qe8 11. f3 a6 12. Bc4+ Kh8 13. Qe2 Nh5 14. Rab1 Qg6
15. Be3 Nd8 16. Rf2 a5 17. a4 b6 18. Bd5 Ba6 19. Bc4 Bb7 20. Bd5 Ba6 21. Bc4
Bxc4 22. Qxc4 Ne6 23. Qf1 Rf6 24. Nc4 Raf8 25. Bxb6 cxb6 26. Nxd6 Ng5 27. Nc4
Nxf3+ 28. Kh1 Ng3+ 29. hxg3 Qh6# 0-1

[Event "Tradewise Gibraltar Masters 16th"]
[Site "Gibraltar"]
[Date "2018.01.27"]
[Round "5.124"]
[White "Villar Reymundo, Juan Antonio"]
[Black "Suez-Panama, Gilles"]
[Result "1/2-1/2"]
[WhiteElo "2121"]
[BlackElo "1959"]
[PlyCount "61"]
[EventDate "2018.01.23"]
[EventType "swiss"]
[EventRounds "10"]
[EventCountry "GGB"]
[SourceTitle "BritBase"]
[Source "www.saund.co.uk"]
[SourceDate "2018.02.10"]
[SourceVersion "1"]
[SourceVersionDate "2018.02.10"]
[SourceQuality "1"]

1. d4 d5 2. c4 c6 3. cxd5 cxd5 4. Nc3 Nf6 5. Bf4 Nc6 6. e3 a6 7. Bd3 e6 8. Rc1
Bd6 9. Bxd6 Qxd6 10. f4 Bd7 11. Nf3 b5 12. Ne5 Na5 13. O-O Nc4 14. Qe2 Rc8 15.
Rc2 O-O 16. Rf3 Nxb2 17. Nxb5 Bxb5 18. Bxb5 axb5 19. Rxb2 Rc1+ 20. Rf1 Rxf1+
21. Qxf1 Qa3 22. Qc1 Ne4 23. Rc2 b4 24. Qxa3 bxa3 25. Nd7 Rd8 26. Nc5 Nd6 27.
Kf2 Rb8 28. Nb3 h5 29. Rc7 Nc4 30. Ke2 g6 31. Kd3 1/2-1/2

[Event "Tradewise Gibraltar Masters 16th"]
[Site "Gibraltar"]
[Date "2018.01.27"]
[Round "5.125"]
[White "Cherigui, Mourad"]
[Black "Mayank, Pal"]
[Result "1/2-1/2"]
[WhiteElo "1892"]
[BlackElo "1834"]
[PlyCount "99"]
[EventDate "2018.01.23"]
[EventType "swiss"]
[EventRounds "10"]
[EventCountry "GGB"]
[SourceTitle "BritBase"]
[Source "www.saund.co.uk"]
[SourceDate "2018.02.10"]
[SourceVersion "1"]
[SourceVersionDate "2018.02.10"]
[SourceQuality "1"]

1. e4 c6 2. Nc3 d5 3. Nf3 Nf6 4. e5 Ne4 5. Qe2 Nxc3 6. dxc3 e6 7. g3 Be7 8. Bg2
c5 9. h4 Nc6 10. h5 Qc7 11. g4 h6 12. Bf4 Bd7 13. Nd2 O-O-O 14. Bg3 Rhf8 15.
Nb3 Kb8 16. c4 dxc4 17. Qxc4 Na5 18. Qc3 Nxb3 19. axb3 Bc6 20. Bf3 Bxf3 21.
Qxf3 Rd4 22. O-O Qc6 23. Qxc6 bxc6 24. f3 Rfd8 25. Rf2 Rd1+ 26. Rxd1 Rxd1+ 27.
Kg2 Kc8 28. f4 g6 29. hxg6 fxg6 30. Kf3 Kd7 31. Rh2 Bf8 32. Ke3 Rg1 33. Rd2+
Ke8 34. Kf2 Rc1 35. c3 Be7 36. Kg2 Kf7 37. Bf2 Ke8 38. Kf3 h5 39. g5 Rh1 40.
Kg2 Rb1 41. Kf3 Rh1 42. Kg3 a5 43. Kg2 Ra1 44. Kf3 a4 45. bxa4 Rxa4 46. Rd1 Ra2
47. Rb1 c4 48. Ke4 c5 49. Ke3 Kd7 50. Kd2 1/2-1/2

[Event "Tradewise Gibraltar Masters 16th"]
[Site "Gibraltar"]
[Date "2018.01.27"]
[Round "5.126"]
[White "Dev, Shah"]
[Black "Hamer, Martyn"]
[Result "0-1"]
[WhiteElo "1977"]
[BlackElo "2020"]
[PlyCount "92"]
[EventDate "2018.01.23"]
[EventType "swiss"]
[EventRounds "10"]
[EventCountry "GGB"]
[SourceTitle "BritBase"]
[Source "www.saund.co.uk"]
[SourceDate "2018.02.10"]
[SourceVersion "1"]
[SourceVersionDate "2018.02.10"]
[SourceQuality "1"]

1. d4 Nf6 2. Bf4 g6 3. Nc3 d5 4. e3 Bg7 5. h4 c6 6. Be2 h5 7. Nf3 Bf5 8. Ne5
Nbd7 9. O-O O-O 10. f3 Nxe5 11. Bxe5 b5 12. Qd2 a5 13. a4 b4 14. Nd1 Nd7 15.
Bxg7 Kxg7 16. Nf2 e5 17. e4 Be6 18. dxe5 Qxh4 19. f4 dxe4 20. Nxe4 Bd5 21. Ng5
Rad8 22. Bd3 f6 23. Nh3 fxe5 24. f5 e4 25. Rf4 Qe7 26. Be2 Rxf5 27. Rxf5 gxf5
28. Bxh5 Rh8 29. Nf4 Qc5+ 30. Qf2 Qxf2+ 31. Kxf2 Kf6 32. Be2 Nb6 33. b3 Bf7 34.
g3 Nd5 35. Ng2 Nc3 36. g4 Rh2 37. Bf1 fxg4 38. Kg3 Rh8 39. Kxg4 Ke5 40. Re1
Rg8+ 41. Kh3 Bh5 42. Bc4 Rg7 43. Nh4 Nd5 44. Bd3 e3 45. Kh2 Rg5 46. Ng2 Kd4 0-1

[Event "Tradewise Gibraltar Masters 16th"]
[Site "Gibraltar"]
[Date "2018.01.27"]
[Round "5.127"]
[White "Avila Fraire, Ameyalli"]
[Black "Odeh, Kenneth"]
[Result "1-0"]
[WhiteElo "2014"]
[BlackElo "1922"]
[PlyCount "43"]
[EventDate "2018.01.23"]
[EventType "swiss"]
[EventRounds "10"]
[EventCountry "GGB"]
[SourceTitle "BritBase"]
[Source "www.saund.co.uk"]
[SourceDate "2018.02.10"]
[SourceVersion "1"]
[SourceVersionDate "2018.02.10"]
[SourceQuality "1"]

1. e4 c6 2. d4 d5 3. e5 c5 4. dxc5 Nc6 5. f4 e6 6. Be3 d4 7. Bf2 Bxc5 8. Nd2
Nge7 9. Bd3 Nd5 10. Ne2 O-O 11. O-O Ne3 12. Bxe3 dxe3 13. Ne4 Bb6 14. Qe1 Ne7
15. Rd1 Qc7 16. Nf6+ gxf6 17. Bxh7+ Kxh7 18. Qh4+ Kg8 19. exf6 Qxc2 20. f5 Nxf5
21. Qg5+ Kh8 22. Rxf5 1-0

[Event "Tradewise Gibraltar Masters 16th"]
[Site "Gibraltar"]
[Date "2018.01.27"]
[Round "5.128"]
[White "Mozelius, Peter"]
[Black "Gagare, Shalmali"]
[Result "0-1"]
[WhiteElo "1871"]
[BlackElo "2001"]
[PlyCount "116"]
[EventDate "2018.01.23"]
[EventType "swiss"]
[EventRounds "10"]
[EventCountry "GGB"]
[SourceTitle "BritBase"]
[Source "www.saund.co.uk"]
[SourceDate "2018.02.10"]
[SourceVersion "1"]
[SourceVersionDate "2018.02.10"]
[SourceQuality "1"]

1. d4 Nf6 2. Bf4 d5 3. e3 c5 4. c3 Nc6 5. Nd2 Bf5 6. Be2 Qb6 7. Qb3 c4 8. Qxb6
axb6 9. Ngf3 h6 10. h3 e6 11. Ne5 b5 12. O-O Be7 13. Nxc6 bxc6 14. a3 O-O 15.
Nf3 Nd7 16. Ne5 Nxe5 17. Bxe5 f6 18. Bg3 c5 19. Bg4 Bxg4 20. hxg4 Kf7 21. f4 b4
22. Rfb1 bxc3 23. bxc3 cxd4 24. exd4 Rxa3 25. Rxa3 Bxa3 26. f5 Re8 27. Kf2 Re7
28. Bf4 e5 29. Bg3 Rd7 30. Rb6 Bd6 31. Rb5 Bc7 32. Kf3 Ke7 33. Kf2 Kd6 34. Ke2
Rd8 35. Rb2 Ra8 36. Kd2 Ra3 37. Bf2 Ra1 38. Rc2 Ba5 39. Ke2 Ra3 40. Kd2 Kc6 41.
Be3 Kb5 42. Rb2+ Rb3 43. Rc2 Rb1 44. Ke2 Rb3 45. Kd2 Kc6 46. Bf2 Bb6 47. Ra2
exd4 48. cxd4 Bxd4 49. Ke2 Bxf2 50. Kxf2 d4 51. Ra6+ Kd5 52. Ra7 c3 53. Ke2 c2
54. Kd2 d3 55. Rxg7 Rb1 56. Rd7+ Ke4 57. Re7+ Kf4 58. g3+ Kxg4 0-1

[Event "Tradewise Gibraltar Masters 16th"]
[Site "Gibraltar"]
[Date "2018.01.27"]
[Round "5.129"]
[White "Burke, Mitchell R"]
[Black "Gravett, Alan D"]
[Result "1-0"]
[WhiteElo "1989"]
[BlackElo "1825"]
[PlyCount "87"]
[EventDate "2018.01.23"]
[EventType "swiss"]
[EventRounds "10"]
[EventCountry "GGB"]
[SourceTitle "BritBase"]
[Source "www.saund.co.uk"]
[SourceDate "2018.02.10"]
[SourceVersion "1"]
[SourceVersionDate "2018.02.10"]
[SourceQuality "1"]

1. e4 g6 2. Nc3 Bg7 3. f4 d6 4. Nf3 Nc6 5. Bc4 Nf6 6. d3 Bg4 7. h3 Bxf3 8. Qxf3
Nd4 9. Qf2 c5 10. O-O O-O 11. Be3 Rb8 12. a4 a6 13. Ba2 e6 14. Nd1 Nc6 15. f5
exf5 16. exf5 d5 17. Bxc5 Re8 18. Be3 b5 19. axb5 axb5 20. Bg5 Ne4 21. Bxd8
Nxf2 22. Bh4 Nxd1 23. Raxd1 Nb4 24. Bb3 Bxb2 25. Rf4 Bc3 26. Kf1 Rbc8 27. Be1
Bxe1 28. Rxe1 Rxe1+ 29. Kxe1 Nxc2+ 30. Kd2 Na3 31. Bxd5 Rc5 32. Be4 b4 33. fxg6
hxg6 34. d4 Rc7 35. Bd5 Nb5 36. Bb3 Kg7 37. d5 Nd6 38. Rxb4 Kf6 39. Kd3 Ke5 40.
g3 f5 41. Rb8 Ne4 42. Re8+ Kd6 43. Re6+ Kc5 44. Rxg6 1-0

[Event "Tradewise Gibraltar Masters 16th"]
[Site "Gibraltar"]
[Date "2018.01.27"]
[Round "5.130"]
[White "Vilarnovo Caamano, Jose"]
[Black "Francois-Haugrin, Said"]
[Result "1-0"]
[WhiteElo "1981"]
[BlackElo "1714"]
[PlyCount "71"]
[EventDate "2018.01.23"]
[EventType "swiss"]
[EventRounds "10"]
[EventCountry "GGB"]
[SourceTitle "BritBase"]
[Source "www.saund.co.uk"]
[SourceDate "2018.02.10"]
[SourceVersion "1"]
[SourceVersionDate "2018.02.10"]
[SourceQuality "1"]

1. e4 c5 2. Nf3 Nc6 3. d4 cxd4 4. Nxd4 e5 5. Nb5 d6 6. c4 f5 7. Bd3 f4 8. g3 a6
9. N5c3 fxg3 10. hxg3 Be6 11. Be3 Nf6 12. Nd5 Bxd5 13. exd5 Ne7 14. Bg5 Qa5+
15. Nd2 O-O-O 16. a3 h6 17. b4 Qc7 18. Ne4 Nxe4 19. Bxe4 Rg8 20. Be3 Kb8 21.
Rc1 g6 22. Bxh6 Nf5 23. Bg5 Be7 24. Rh7 Rh8 25. Rxh8 Rxh8 26. Qg4 Nh6 27. Bxh6
Rxh6 28. Bxg6 Rh1+ 29. Kd2 Rh2 30. Ke2 Qb6 31. Qf3 Qd4 32. Rc2 Bg5 33. c5 Qa1
34. Be4 Rh6 35. c6 Rf6 36. c7+ 1-0

[Event "Tradewise Gibraltar Masters 16th"]
[Site "Gibraltar"]
[Date "2018.01.27"]
[Round "5.131"]
[White "Klementys, Jerzy"]
[Black "Biegel, Thomas"]
[Result "0-1"]
[WhiteElo "1739"]
[BlackElo "1984"]
[PlyCount "76"]
[EventDate "2018.01.23"]
[EventType "swiss"]
[EventRounds "10"]
[EventCountry "GGB"]
[SourceTitle "BritBase"]
[Source "www.saund.co.uk"]
[SourceDate "2018.02.10"]
[SourceVersion "1"]
[SourceVersionDate "2018.02.10"]
[SourceQuality "1"]

1. d4 d5 2. c4 c6 3. Nc3 Nf6 4. Nf3 e6 5. Bg5 dxc4 6. a4 Bb4 7. Qc2 Qa5 8. Bxf6
gxf6 9. e3 b5 10. Be2 Bxc3+ 11. bxc3 Nd7 12. O-O Qc7 13. Qe4 Bb7 14. Qg4 a6 15.
Qg7 Ke7 16. Qh6 Rag8 17. Nh4 Qb8 18. Bf3 Rg5 19. Rfd1 Qf8 20. Qxf8+ Rxf8 21.
axb5 axb5 22. e4 Rb8 23. Be2 Rgg8 24. f4 Ra8 25. Rab1 Nb6 26. Bf3 Rgd8 27. d5
Ra3 28. Ra1 Rxa1 29. Rxa1 cxd5 30. exd5 Nxd5 31. f5 Rd7 32. Rc1 Rd8 33. Re1 e5
34. Rd1 Rd7 35. Rc1 Nf4 36. Rb1 Bxf3 37. Nxf3 Ne2+ 38. Kf2 Nxc3 0-1

[Event "Tradewise Gibraltar Masters 16th"]
[Site "Gibraltar"]
[Date "2018.01.27"]
[Round "5.132"]
[White "Helin, Mikael"]
[Black "Yilmaz, Kazim"]
[Result "1/2-1/2"]
[WhiteElo "1962"]
[BlackElo "1656"]
[PlyCount "250"]
[EventDate "2018.01.23"]
[EventType "swiss"]
[EventRounds "10"]
[EventCountry "GGB"]
[SourceTitle "BritBase"]
[Source "www.saund.co.uk"]
[SourceDate "2018.02.10"]
[SourceVersion "1"]
[SourceVersionDate "2018.02.10"]
[SourceQuality "1"]

1. e4 e5 2. f4 exf4 3. Bc4 Qh4+ 4. Kf1 Bc5 5. d4 Bb6 6. Nc3 Nh6 7. Nf3 Qh5 8.
Bxf4 O-O 9. Nd5 d6 10. Ne7+ Kh8 11. Nxc8 Rxc8 12. c3 Nc6 13. b4 Re8 14. Qd3 Re7
15. a4 a5 16. b5 Nd8 17. d5 f6 18. Bxh6 Qxh6 19. h3 Nf7 20. Re1 Ne5 21. Qe2
Nxc4 22. Qxc4 Rae8 23. g3 Qg6 24. Kg2 Rxe4 25. Nh4 Rxh4 26. Rxe8+ Qxe8 27. gxh4
Qg6+ 28. Kf3 Qf5+ 29. Qf4 Qd3+ 30. Kg2 Qe2+ 31. Kg3 Qd3+ 32. Qf3 Qg6+ 33. Kh2
Qc2+ 34. Qg2 Qxg2+ 35. Kxg2 Kg8 36. h5 Bc5 37. Re1 Kf7 38. Re4 b6 39. Rc4 Ke7
40. Kf3 Kf7 41. Kf4 Ke7 42. h4 Kf7 43. h6 g6 44. h5 Ke7 45. Kg4 Kf7 46. Rf4 Be3
47. Rc4 Bc5 48. Kf3 f5 49. hxg6+ Kxg6 50. Rh4 Ba3 51. Rh2 Bc1 52. Re2 Kf7 53.
Re6 Bd2 54. c4 Bg5 55. Kg3 Kf8 56. Kf2 Kf7 57. Kf3 Kf8 58. c5 bxc5 59. b6 cxb6
60. Rxd6 c4 61. Rc6 c3 62. d6 Ke8 63. Rxc3 Bxh6 64. Rc6 Bd2 65. Rxb6 Kd7 66.
Rb5 Kxd6 67. Rxf5 h6 68. Ke2 Ke6 69. Rb5 Bb4 70. Rb6+ Bd6 71. Ra6 h5 72. Rxa5
h4 73. Rh5 Bg3 74. a5 Kd7 75. Kd3 Kc6 76. Kc4 Bf2 77. Rh6+ Kb7 78. Kb5 Bg3 79.
Rh7+ Ka8 80. Ka6 Kb8 81. Kb5 Ka8 82. a6 Bf2 83. Rf7 Bg1 84. Rf1 Be3 85. Rf3 Bg1
86. Kc4 Ka7 87. Rf1 Be3 88. Kd3 Bc5 89. Rc1 Bd6 90. Ke4 h3 91. Rc6 h2 92. Rc1
Bc5 93. Kd5 Bg1 94. Rc7+ Kxa6 95. Rh7 Kb6 96. Rh6+ Kb5 97. Rh3 Kb4 98. Ke4 Kc4
99. Rh8 Kc3 100. Kf3 Kd2 101. Rd8+ Ke1 102. Kg2 Ke2 103. Rf8 Ke3 104. Re8+ Kf4
105. Rh8 Kg4 106. Kf1 Kg3 107. Rh7 Kf3 108. Rh3+ Kg4 109. Kg2 Kf4 110. Ra3 Ke4
111. Ra4+ Ke5 112. Rh4 Kf5 113. Rh7 Kg4 114. Rh8 Kf4 115. Rh4+ Kg5 116. Rb4 Kf5
117. Rb8 Kg4 118. Rf8 Kg5 119. Rf3 Kg4 120. Rh3 Kf4 121. Rh8 Kg4 122. Rh7 Kf4
123. Rh4+ Kg5 124. Kg3 Bf2+ 125. Kxh2 Kxh4 1/2-1/2

[Event "Tradewise Gibraltar Masters 16th"]
[Site "Gibraltar"]
[Date "2018.01.27"]
[Round "5.133"]
[White "Lochte, Szilvia"]
[Black "Bullock, Lee"]
[Result "1-0"]
[WhiteElo "1862"]
[BlackElo "1572"]
[PlyCount "81"]
[EventDate "2018.01.23"]
[EventType "swiss"]
[EventRounds "10"]
[EventCountry "GGB"]
[SourceTitle "BritBase"]
[Source "www.saund.co.uk"]
[SourceDate "2018.02.10"]
[SourceVersion "1"]
[SourceVersionDate "2018.02.10"]
[SourceQuality "1"]

1. d4 d6 2. e4 Nd7 3. Nf3 e5 4. Bc4 Be7 5. dxe5 dxe5 6. Qd5 Nh6 7. Bxh6 O-O 8.
Be3 c6 9. Qd2 h6 10. O-O Qc7 11. c3 b5 12. Be2 Nf6 13. Qc2 Ng4 14. Qc1 Nf6 15.
Nbd2 Be6 16. h3 Nh5 17. a4 a6 18. Rd1 Nf4 19. Bf1 g5 20. Kh2 g4 21. hxg4 Bxg4
22. g3 Ng6 23. Bxh6 Rfd8 24. Bh3 Bxh3 25. Kxh3 Kh7 26. Be3 Kg7 27. Kg2 Rh8 28.
Rh1 Rxh1 29. Qxh1 Rh8 30. Qg1 Qd7 31. Kf1 Qg4 32. axb5 axb5 33. Ke2 Rd8 34. Qh1
Rh8 35. Qf1 Rh2 36. Kd3 Qd7+ 37. Kc2 Rh8 38. Ra7 Qg4 39. Nxe5 Nxe5 40. Rxe7 Kf6
41. Rxe5 1-0

[Event "Tradewise Gibraltar Masters 16th"]
[Site "Gibraltar"]
[Date "2018.01.28"]
[Round "6.2"]
[White "Antipov, Mikhail Al"]
[Black "Harikrishna, Pentala"]
[Result "1/2-1/2"]
[WhiteElo "2588"]
[BlackElo "2745"]
[PlyCount "136"]
[EventDate "2018.01.23"]
[EventType "swiss"]
[EventRounds "10"]
[EventCountry "GGB"]
[SourceTitle "BritBase"]
[Source "www.saund.co.uk"]
[SourceDate "2018.02.10"]
[SourceVersion "1"]
[SourceVersionDate "2018.02.10"]
[SourceQuality "1"]

1. d4 Nf6 2. c4 e6 3. Nf3 b6 4. g3 Ba6 5. Nbd2 Be7 6. Bg2 d5 7. cxd5 exd5 8. b4
O-O 9. Rb1 c5 10. dxc5 bxc5 11. b5 Bb7 12. O-O Nbd7 13. Nh4 Re8 14. a4 Bf8 15.
Bb2 Rb8 16. e3 a6 17. Qc2 axb5 18. axb5 d4 19. exd4 Bxg2 20. Nxg2 Rxb5 21. Ne3
Qa8 22. Bc3 Rxb1 23. Rxb1 h5 24. Qf5 g6 25. Qf3 Qxf3 26. Nxf3 Ne4 27. Ba1 Ra8
28. dxc5 Bxc5 29. Bd4 Ra2 30. Rb2 Ra4 31. Bxc5 Ndxc5 32. Nd2 Ng5 33. h4 Nge6
34. Nf3 Nd3 35. Re2 Ra1+ 36. Kh2 Kg7 37. Nc4 Rf1 38. Kg2 Rc1 39. Nfe5 Ne1+ 40.
Kh3 f6 41. Nxg6 Nd4 42. Rxe1 Rxe1 43. Nf4 Kh6 44. Ne3 Ra1 45. Kg2 Ra5 46. Ned5
Ra6 47. Ne3 Ra8 48. Ned5 Rf8 49. Ne3 Rh8 50. Kh3 Kg7 51. Kg2 Kf7 52. Kh3 Rh7
53. Kg2 f5 54. Ned5 Rh6 55. Kh3 Nf3 56. Kg2 Ne1+ 57. Kf1 Nc2 58. Ke2 Nd4+ 59.
Ke3 Nc6 60. Kf3 Ne5+ 61. Kg2 Ng4 62. Ne3 Kf6 63. Ned5+ Kf7 64. Ne3 Nxe3+ 65.
fxe3 Rh8 66. Kf3 Kg7 67. Ne6+ Kh6 68. Nf4 Ra8 1/2-1/2